[Event "ICS rated blitz match"]
[Site "204.178.125.65"]
[Date "2000.07.30"]
[Round "?"]
[White "Tinker"]
[Black "Hossa"]
[Result "1/2-1/2"]
[WhiteElo "2543"]
[BlackElo "2538"]
[PlyCount "414"]
[EventDate "2000.??.??"]

1. e4 c5 2. Nf3 d6 3. Bc4 Nf6 4. d3 Nc6 5. O-O e6 6. Bg5 a6 7. Na3 b5 8. Bb3
Be7 9. c3 O-O 10. Qe2 Bb7 11. Be3 d5 12. e5 Ng4 13. Bf4 c4 14. Bc2 Bxa3 15.
bxa3 f6 16. dxc4 bxc4 17. exf6 Qxf6 18. Bd2 h6 19. h3 Nge5 20. Nxe5 Nxe5 21.
Rae1 Nd3 22. Qxe6+ Qxe6 23. Rxe6 Rae8 24. Re3 Bc6 25. g3 Bd7 26. h4 Bh3 27.
Bxd3 Rxe3 28. Bxe3 cxd3 29. Rb1 h5 30. Bd2 Kh7 31. Rb4 Bf5 32. Rd4 Rb8 33. Rxd5
Rb1+ 34. Kh2 Rh1+ 35. Kxh1 Be4+ 36. Kg1 Bxd5 37. f4 Bxa2 38. Kf2 Be6 39. Ke3
Bf5 40. c4 Kg6 41. Bc3 Kf7 42. c5 g6 43. c6 Ke6 44. Be5 Kd5 45. c7 Kc4 46. Bf6
Kb3 47. Be7 a5 48. Kd2 Kc4 49. Bf6 Kb3 50. Bc3 a4 51. Bb4 Kb2 52. Bc5 Kb3 53.
Bd6 Kc4 54. Ke3 Kb3 55. Bf8 Kc2 56. Bb4 Kc1 57. Bc3 Kc2 58. Bd2 Kb2 59. Bb4 Kc1
60. c8=R+ Bxc8 61. Kxd3 Kb2 62. Bc5 Ba6+ 63. Kd4 Bf1 64. Bd6 Be2 65. Ke5 Bd3
66. Kd4 Be2 67. Be7 Ba6 68. Bd6 Be2 69. Bf8 Kb3 70. Be7 Kb2 71. Ke3 Bf1 72. Bc5
Bc4 73. Kd4 Bf1 74. Ke5 Bd3 75. Bd6 Kc2 76. Kd4 Kd2 77. Be7 Ke2 78. Kc3 Bf5 79.
Kb4 Bd7 80. Bd6 Kf2 81. f5 gxf5 82. Kc5 Be6 83. Kd4 Bd7 84. Bc7 Kf3 85. Kd5 Bc8
86. Bf4 Ke2 87. Kd4 Bd7 88. Ke5 Kf3 89. Kd5 Be8 90. Kd4 Bc6 91. Bc7 Bd7 92. Be5
Be8 93. Bc7 Bd7 94. Bd6 Kf2 95. Bf4 Ke2 96. Be5 Kd2 97. Kd5 Kc2 98. Bf6 Kb3 99.
Be7 Bb5 100. Ke5 Bd3 101. Kf6 Kb2 102. Kg5 Be2 103. Kxf5 Bd1 104. Bc5 Bg4+ 105.
Ke5 Bf3 106. Kd4 Kb3 107. Bd6 Bg4 108. Bc5 Bf3 109. Be7 Bg4 110. Bd6 Bf5 111.
Bc5 Bg4 112. Bb4 Bf3 113. Bf8 Bg4 114. Be7 Bf3 115. Kd3 Bg4 116. Bf8 Bf5+ 117.
Kd4 Bg4 118. Kd5 Be2 119. Kd4 Bg4 120. Ke5 Kb2 121. Kd5 Be2 122. Bb4 Bd3 123.
Kd4 Bb5 124. g4 hxg4 125. Ke3 Bc6 126. Kf4 g3 127. Kxg3 Be8 128. Bd6 Bg6 129.
Kf4 Bh5 130. Bc5 Be2 131. Ke3 Bg4 132. Bb4 Ka2 133. Kd3 Kb2 134. Kc4 Be6+ 135.
Kd4 Bg4 136. Be7 Kb3 137. Bd6 Bh5 138. Bf8 Bf3 139. Be7 Bg4 140. Bc5 Bf3 141.
Bd6 Bh5 142. Be7 Bg4 143. Bb4 Kb2 144. Bc5 Be2 145. Bd6 Kb3 146. Bf8 Bf3 147.
Bc5 Be2 148. Bd6 Bh5 149. Bc5 Bf3 150. Bb4 Kb2 151. Kc4 Be2+ 152. Kd4 Bf3 153.
Be7 Be2 154. Bf8 Kb3 155. Bc5 Bf3 156. Kd3 Bg4 157. Bd6 Bf3 158. Be7 Bh5 159.
Bf8 Bf3 160. Kd4 Be2 161. Ke4 Kb2 162. Ke3 Bg4 163. Kd4 Be2 164. Bc5 Kb3 165.
Bb4 Bf3 166. Kd3 Bd1 167. Bd6 Bf3 168. Ke3 Bh5 169. Kd4 Be2 170. Be7 Kb2 171.
Ke3 Bg4 172. Kd3 Kb3 173. Kd4 Bf3 174. h5 Bxh5 175. Bd6 Bf7 176. Bb4 Kb2 177.
Bc5 Be6 178. Bf8 Kb3 179. Be7 Bf5 180. Bd6 Bb1 181. Bc5 Bc2 182. Bf8 Bg6 183.
Be7 Bb1 184. Bd6 Bg6 185. Bc5 Be8 186. Bd6 Bc6 187. Bb4 Bb7 188. Be7 Bf3 189.
Bb4 Bc6 190. Bc5 Bb5 191. Bf8 Bc4 192. Bb4 Bg8 193. Be7 Bh7 194. Bd6 Bf5 195.
Bc5 Bh7 196. Bf8 Bf5 197. Be7 Bg4 198. Bd6 Bf5 199. Bf8 Bb1 200. Be7 Bh7 201.
Bc5 Bf5 202. Bb4 Kb2 203. Bd6 Be6 204. Bb4 Bg8 205. Bc5 Be6 206. Bb4 Bg8 207.
Bc5 Be6 1/2-1/2

[Event "ICS rated blitz match"]
[Site "204.178.125.65"]
[Date "2000.07.30"]
[Round "?"]
[White "Hossa"]
[Black "MissSilicon"]
[Result "0-1"]
[WhiteElo "2538"]
[BlackElo "2767"]
[PlyCount "54"]
[EventDate "2000.??.??"]

1. e4 e5 2. Nc3 Nf6 3. Nf3 Nc6 4. d4 exd4 5. Nxd4 Bb4 6. Nxc6 bxc6 7. Bg5 O-O
8. Qd4 c5 9. Qe5 Bxc3+ 10. bxc3 d6 11. Qf4 Rb8 12. a4 Re8 13. f3 Bd7 14. Bc4
Bxa4 15. Bxf6 gxf6 16. O-O Bxc2 17. Rxa7 Bb3 18. Bxb3 Rxb3 19. Qg4+ Kh8 20. Qf4
Qe7 21. Qd2 Reb8 22. g3 Rb2 23. Qd5 Rc2 24. Qd3 Rbb2 25. Ra8+ Kg7 26. Rfa1 Rg2+
27. Kf1 Rxh2 0-1

[Event "ICS rated blitz match"]
[Site "204.178.125.65"]
[Date "2000.07.30"]
[Round "?"]
[White "Hossa"]
[Black "Tinker"]
[Result "0-1"]
[WhiteElo "2531"]
[BlackElo "2552"]
[PlyCount "176"]
[EventDate "2000.??.??"]

1. e4 d5 2. exd5 Qxd5 3. Nc3 Qe6+ 4. Nge2 Nf6 5. d4 Qb6 6. Ng3 Bd7 7. Rb1 Na6
8. d5 O-O-O 9. Be3 Bg4 10. Qc1 Qa5 11. h3 Bd7 12. a3 e5 13. Qd1 Bc6 14. b4 Nxb4
15. axb4 Bxb4 16. Rxb4 Qxb4 17. Bd2 Bd7 18. Qa1 Qc5 19. Be3 Qb4 20. Qxa7 Be8
21. Bd2 Rxd5 22. Qa8+ Kd7 23. Bd3 Ra5 24. Qb8 Ra1+ 25. Nd1 Qb6 26. Bc3 Ra4 27.
Bxe5 Ra5 28. Bf5+ Kc6 29. Bxf6 gxf6 30. Be4+ Kd7 31. Qxb7 Qxb7 32. Bxb7 c6 33.
Bxc6+ Kxc6 34. Ne3 Bd7 35. Ke2 Re8 36. Rd1 Ra2 37. Kf3 Ra3 38. c4 Be6 39. Ne4
f5 40. Nf6 Rh8 41. Rc1 Rd3 42. Ke2 Rd4 43. f4 Rxf4 44. Kd3 Kc5 45. Kc3 Ra8 46.
Nfd5 Re4 47. Kd3 Ra3+ 48. Rc3 Rxc3+ 49. Nxc3 Rd4+ 50. Kc2 f4 51. Nf1 Bf5+ 52.
Kb3 Rxc4 53. Nd2 Rb4+ 54. Ka3 Bc2 55. Ne2 f6 56. Nc1 Ra4+ 57. Kb2 Bf5 58. Kb3
Rd4 59. Ka3 Kd5 60. Nf3 Re4 61. Nd2 Re7 62. Kb4 Rc7 63. Ne2 Rc2 64. Nc3+ Ke6
65. Nf3 Rxg2 66. h4 Bg4 67. Nd4+ Kd6 68. Kc4 f3 69. Ne4+ Ke5 70. Kd3 Ra2 71.
Nc6+ Kf4 72. Nb4 Ra3+ 73. Kd4 Ra4 74. Nd2 Rxb4+ 75. Kc3 Re4 76. Nf1 f2 77. Nd2
Re1 78. Kd4 Rd1 79. Kc3 Ke3 80. Nc4+ Ke2 81. Kb4 f1=Q 82. Nb2 Qf4+ 83. Nc4 Rb1+
84. Kc5 Qc7+ 85. Kd5 Rc1 86. Nd6 Qc5+ 87. Ke4 Rc4+ 88. Nxc4 Qxc4# {
Hossa checkmated} 0-1

[Event "ICS rated blitz match"]
[Site "204.178.125.65"]
[Date "2000.07.30"]
[Round "?"]
[White "Tinker"]
[Black "Hossa"]
[Result "1-0"]
[WhiteElo "2567"]
[BlackElo "2516"]
[PlyCount "159"]
[EventDate "2000.??.??"]

1. e4 e5 2. Nc3 Nf6 3. Nf3 Nc6 4. d4 exd4 5. Nxd4 Bb4 6. Nxc6 bxc6 7. Bg5 O-O
8. Qf3 d5 9. Bxf6 Qxf6 10. Qxf6 gxf6 11. exd5 Bxc3+ 12. bxc3 cxd5 13. Kd2 Rb8
14. Be2 Re8 15. Rab1 Rb6 16. Rhg1 Kg7 17. Rb4 Kf8 18. Bd3 h6 19. Rd4 Re5 20. f4
Rh5 21. c4 Rxh2 22. cxd5 Bh3 23. Bf1 Bg4 24. Kc1 Rb8 25. Bd3 f5 26. c4 Rc8 27.
d6 cxd6 28. Rxd6 Rc7 29. Rd5 f6 30. Kb1 Rb7+ 31. Ka1 Ke7 32. Bxf5 Bxf5 33. Rxf5
Ke6 34. Rd5 Rh4 35. Re1+ Kf7 36. g3 Rh2 37. f5 Rc2 38. Rd4 Rg2 39. g4 Rc2 40.
Red1 Ke7 41. a4 Ke8 42. Re4+ Kf7 43. a5 Rc3 44. Ka2 Rc2+ 45. Ka3 Rc3+ 46. Ka4
Rc2 47. Rd3 Rc1 48. Red4 Ra1+ 49. Ra3 Rc1 50. a6 Rb8 51. Ka5 Kf8 52. Ra4 Re1
53. Rb4 Ra1+ 54. Ra4 Re1 55. c5 Rc1 56. Rdc4 Rd1 57. Ra3 Rdb1 58. Ra2 Kg8 59.
Ka4 Kf8 60. Rd4 Rc1 61. Rb4 Rxb4+ 62. Kxb4 Rg1 63. c6 Rxg4+ 64. Kc5 Ke8 65. Rh2
Rg1 66. Rxh6 Rc1+ 67. Kd6 Rd1+ 68. Kc7 Ke7 69. Rh7+ Kf8 70. Kb7 Rb1+ 71. Kxa7
Rd1 72. c7 Kg8 73. Rh1 Rxh1 74. c8=Q+ Kf7 75. Qb7+ Ke8 76. Qxh1 Kd7 77. Kb6 Ke8
78. Qh7 Kf8 79. a7 Ke8 80. a8=Q# {Hossa checkmated} 1-0

[Event "ICS rated blitz match"]
[Site "204.178.125.65"]
[Date "2000.07.30"]
[Round "?"]
[White "Hossa"]
[Black "Tinker"]
[Result "0-1"]
[WhiteElo "2502"]
[BlackElo "2581"]
[PlyCount "162"]
[EventDate "2000.??.??"]

1. e4 d5 2. exd5 Qxd5 3. Nc3 Qe6+ 4. Be2 Nf6 5. d4 Ne4 6. Nb5 Na6 7. Nf3 c6 8.
Nc3 Nxc3 9. bxc3 Nc7 10. c4 Qf6 11. c3 Ne6 12. Ne5 Nf4 13. Bf3 Ng6 14. Ng4 Qe6+
15. Ne3 Nh4 16. Be2 Qg6 17. g3 Nf5 18. Ng4 Qd6 19. Qb3 e6 20. Ne5 f6 21. c5 Qd5
22. Nf3 g5 23. g4 Ne7 24. c4 Qe4 25. h3 h5 26. gxh5 Nf5 27. Qb1 Qxb1 28. Rxb1
Rxh5 29. Bb2 Be7 30. Nd2 Rh4 31. Bg4 Bd7 32. Ne4 Nh6 33. Bf3 Nf7 34. Bc1 e5 35.
Nd6+ Bxd6 36. cxd6 exd4 37. c5 Ne5 38. Be2 d3 39. f4 gxf4 40. Bd1 O-O-O 41. Rb4
Bxh3 42. Bd2 Nd7 43. Rxf4 Re8+ 44. Kf2 Rxf4+ 45. Bxf4 Be6 46. Rh7 Nxc5 47. Rc7+
Kd8 48. a3 Bd7 49. Bf3 Ne6 50. Rxb7 Nxf4 51. Rb8+ Bc8 52. Bxc6 Re2+ 53. Kf3 Ng6
54. Kg3 Ne5 55. Ba4 d2 56. Ra8 Re1 57. Rxa7 d1=Q 58. Bxd1 Rxd1 59. a4 Rxd6 60.
Kf4 Nc4 61. Rg7 Rd4+ 62. Kg3 Bd7 63. Kf2 Bxa4 64. Rh7 f5 65. Rf7 Bc2 66. Rg7
Be4 67. Kg3 Bd5 68. Rh7 f4+ 69. Kh4 Be4 70. Rf7 Ne3 71. Kg5 f3 72. Kf6 f2 73.
Rf8+ Kc7 74. Ke5 f1=Q 75. Rxf1 Nxf1 76. Ke6 Bh7 77. Ke5 Rf4 78. Kd5 Ne3+ 79.
Kc5 Bf5 80. Kb5 Bd7+ 81. Kc5 Rc4# {Hossa checkmated} 0-1

[Event "ICS rated blitz match"]
[Site "204.178.125.65"]
[Date "2000.07.30"]
[Round "?"]
[White "Tinker"]
[Black "Hossa"]
[Result "0-1"]
[WhiteElo "2593"]
[BlackElo "2490"]
[PlyCount "82"]
[EventDate "2000.??.??"]

1. e4 d5 2. e5 c5 3. c3 Nc6 4. d4 cxd4 5. cxd4 Bf5 6. Nc3 e6 7. g4 Be4 8. Nxe4
dxe4 9. Ne2 Bb4+ 10. Bd2 Bxd2+ 11. Qxd2 Qd5 12. Rg1 Rd8 13. Rd1 Qxa2 14. Nc3
Qb3 15. Bb5 Nge7 16. Rg3 O-O 17. Bxc6 Nxc6 18. Nxe4 Qd5 19. Nd6 f6 20. Nxb7
Nxd4 21. Qxd4 Qxd4 22. Rxd4 Rxd4 23. exf6 Rb8 24. Nc5 Rxb2 25. fxg7 Rc4 26. Nd3
Ra2 27. Kf1 a5 28. Re3 Rc3 29. Nf4 Rxe3 30. fxe3 a4 31. Ke1 a3 32. Nd3 Rxh2 33.
Nc1 a2 34. Nxa2 Rxa2 35. e4 Kxg7 36. e5 Ra5 37. Kf1 h5 38. g5 h4 39. Kf2 h3 40.
g6 h2 41. Kg2 Rxe5 {Tinker resigns} 0-1

[Event "ICS rated blitz match"]
[Site "204.178.125.65"]
[Date "2000.07.30"]
[Round "?"]
[White "Hossa"]
[Black "Tinker"]
[Result "0-1"]
[WhiteElo "2511"]
[BlackElo "2572"]
[PlyCount "138"]
[EventDate "2000.??.??"]

1. d4 d5 2. Nf3 Nc6 3. c4 Bf5 4. cxd5 Qxd5 5. Nc3 Qa5 6. Bd2 e6 7. e4 Bg4 8.
Nd5 Nb4 9. Ne3 Bxf3 10. Qxf3 Qa4 11. Qf4 Qd7 12. a3 Nc6 13. d5 O-O-O 14. Bc3
exd5 15. exd5 Nce7 16. Qxf7 Nxd5 17. Qxd5 Qxd5 18. Nxd5 Rxd5 19. Bc4 Rg5 20.
Be6+ Kb8 21. g3 Nf6 22. h4 Rc5 23. O-O Bd6 24. Rfe1 Ka8 25. f4 Nh5 26. Kf2 Rf8
27. Re3 Rb5 28. b4 Nf6 29. a4 Rb6 30. a5 Rb5 31. Bc4 Ng4+ 32. Ke2 Nxe3 33. Bxb5
Nd5 34. Bxg7 Rg8 35. Bc4 Nxf4+ 36. gxf4 Rxg7 37. Ke3 Rg3+ 38. Ke4 Rg4 39. Rf1
Bxb4 40. a6 bxa6 41. Bxa6 Bd6 42. Bc4 Rxh4 43. Bd5+ Kb8 44. Bc6 a5 45. Rf2
Rxf4+ 46. Rxf4 Bxf4 47. Kxf4 Ka7 48. Ba4 Kb6 49. Ke4 h5 50. Kf4 c5 51. Be8 h4
52. Kg4 h3 53. Kxh3 c4 54. Kg2 c3 55. Ba4 Kc5 56. Bc2 Kb4 57. Kf3 a4 58. Ke3 a3
59. Kd4 a2 60. Kd3 Kc5 61. Kxc3 a1=Q+ 62. Kd2 Kd4 63. Bg6 Qc3+ 64. Ke2 Qe3+ 65.
Kf1 Qf3+ 66. Kg1 Qg3+ 67. Kh1 Ke3 68. Be4 Kf2 69. Bf5 Qg1# {Hossa checkmated}
0-1

[Event "ICS rated standard match"]
[Site "204.178.125.65"]
[Date "2000.07.30"]
[Round "?"]
[White "PostModernist"]
[Black "Hossa"]
[Result "1-0"]
[WhiteElo "2412"]
[BlackElo "2279"]
[PlyCount "96"]
[EventDate "2000.??.??"]

1. d4 Nf6 2. c4 g6 3. Nc3 Bg7 4. Nf3 O-O 5. e4 d6 6. Be2 e5 7. dxe5 dxe5 8.
Qxd8 Rxd8 9. Bg5 h6 10. Bxf6 Bxf6 11. Nd5 Nd7 12. O-O-O Bg7 13. Nxc7 Rb8 14.
Rd5 h5 15. Rhd1 f6 16. c5 f5 17. exf5 gxf5 18. Bb5 Bh6+ 19. Kb1 e4 20. Nd4 a6
21. Nxf5 axb5 22. Nxh6+ Kh7 23. Rxh5 Nf6 24. Nf7+ Nxh5 25. Rxd8 Bf5 26. Ka1
Rxd8 27. Nxd8 Nf6 28. Nxb7 Ng4 29. Nd6 Bd7 30. Nxe4 Bc6 31. f3 Ne3 32. Ne6 b4
33. Nd4 Bb7 34. c6 Ba6 35. c7 Nd5 36. Nb5 Nb6 37. Ned6 Kg6 38. Na7 Nd5 39. c8=Q
Bxc8 40. Naxc8 Ne3 41. Ne7+ Kf6 42. Nc6 Nxg2 43. Ne4+ Kf5 44. Nxb4 Nh4 45. a4
Nxf3 46. a5 Kxe4 47. a6 Nxh2 48. a7 Nf3 {Hossa resigns} 1-0

[Event "ICS rated standard match"]
[Site "204.178.125.65"]
[Date "2000.07.30"]
[Round "?"]
[White "Hossa"]
[Black "PostModernist"]
[Result "0-1"]
[WhiteElo "2269"]
[BlackElo "2422"]
[PlyCount "98"]
[EventDate "2000.??.??"]

1. d4 Nf6 2. c4 g6 3. Nc3 d5 4. Nf3 Bg7 5. Bf4 O-O 6. e3 c5 7. dxc5 Qa5 8. Qa4
Qxc5 9. b4 Qc6 10. b5 Qc5 11. Be5 Bg4 12. Bd4 Qd6 13. cxd5 Nbd7 14. Qd1 Bxf3
15. Qxf3 e5 16. dxe6 fxe6 17. Qxb7 e5 18. Qc6 Qxc6 19. bxc6 exd4 20. Bc4+ Kh8
21. exd4 Rfc8 22. Bb5 a6 23. Ba4 Nb6 24. Bb3 Rxc6 25. Ne2 Re8 26. Bf7 Re7 27.
Bb3 Nfd5 28. Kf1 Rce6 29. Ng1 Bxd4 30. Rc1 Re4 31. Nf3 Nb4 32. Rd1 Bc5 33. g3
Re2 34. Rd8+ Kg7 35. Nd4 R2e4 36. Nf3 a5 37. a4 Re2 38. Nd4 Rb2 39. Ne6+ Rxe6
40. Bxe6 Rxf2+ 41. Kg1 Nc2 42. Rg8+ Kh6 43. Rf8 Rd2+ 44. Kf1 Bxf8 45. Bh3 Ne3+
46. Kg1 Bc5 47. g4 Nbc4 48. g5+ Kxg5 49. Bg2 Rxg2# 0-1

[Event "ICS rated blitz match"]
[Site "204.178.125.65"]
[Date "2000.07.30"]
[Round "?"]
[White "Tinker"]
[Black "Hossa"]
[Result "1-0"]
[WhiteElo "2585"]
[BlackElo "2498"]
[PlyCount "259"]
[EventDate "2000.??.??"]

1. e4 c5 2. Nf3 d6 3. Bc4 Nf6 4. d3 Nc6 5. O-O e6 6. Bg5 a6 7. Nc3 b5 8. Bb3 h6
9. Bxf6 Qxf6 10. Qe2 Bb7 11. a4 b4 12. Nd1 g6 13. a5 Qd8 14. Ba4 Bg7 15. c3
bxc3 16. Nxc3 Rb8 17. e5 d5 18. d4 c4 19. Qd2 Bf8 20. Na2 g5 21. Nb4 Bxb4 22.
Qxb4 Ba8 23. Qc5 Qc7 24. Ra2 Rh7 25. Rfa1 Rh8 26. Rc1 Rc8 27. Ra3 Qb8 28. b3
Kd8 29. Qd6+ Qxd6 30. exd6 cxb3 31. Rxb3 Nxa5 32. Rxc8+ Kxc8 33. Rc3+ Kb8 34.
Ne5 f5 35. Rc7 Bb7 36. Re7 Rc8 37. Nd7+ Ka7 38. Nc5 Rd8 39. d7 Bc6 40. Nxe6
Rxd7 41. Rxd7+ Bxd7 42. Bxd7 Kb6 43. f4 gxf4 44. Nxf4 Kc7 45. Bxf5 Kd6 46. Bc8
Nb3 47. Bxa6 Kc6 48. Ne2 Nd2 49. Kf2 Ne4+ 50. Ke3 Nd6 51. Nc3 Nf5+ 52. Kd3 Nd6
53. Na4 Ne4 54. Ke3 Nd6 55. Bd3 Kd7 56. g4 Kc7 57. Nc3 Kc6 58. h4 Nc8 59. g5
hxg5 60. hxg5 Kd6 61. g6 Ke6 62. g7 Kf7 63. Nxd5 Kxg7 64. Be4 Nd6 65. Kd3 Kf7
66. Bf3 Kg7 67. Ne7 Kf6 68. Nc6 Ke6 69. Ne5 Kf6 70. Be4 Kg7 71. Ng6 Kf6 72. Nf4
Kg5 73. Ng6 Kf6 74. Nf8 Ke7 75. Ng6+ Kf6 76. Nh4 Nf7 77. Nf5 Ng5 78. Ng3 Ne6
79. Bd5 Nf4+ 80. Ke4 Nh3 81. Nf5 Kg5 82. Nd6 Kf6 83. Nf7 Nf2+ 84. Kf3 Nd3 85.
Nd6 Ke7 86. Be4 Nc1 87. Nf5+ Kd7 88. Ke3 Na2 89. Bd5 Nc3 90. Bb3 Kc8 91. Ne7+
Kb7 92. Kd3 Nb5 93. Be6 Kc7 94. Nd5+ Kd6 95. Bg8 Kc6 96. Nf6 Nd6 97. Be6 Kc7
98. Bd5 Nf5 99. Be4 Nd6 100. Bf3 Kb6 101. Nd5+ Ka7 102. Be4 Ka6 103. Nc7+ Kb6
104. Ne6 Ka7 105. Bf3 Ka6 106. Nc5+ Kb6 107. Bd5 Kc7 108. Ne6+ Kd7 109. Ng5 Ke7
110. Nf7 Nf5 111. Be4 Ng3 112. Nh6 Kd7 113. d5 Kd6 114. Nf7+ Ke7 115. Ne5 Kd6
116. Kd4 Ne2+ 117. Ke3 Nc3 118. Nc4+ Ke7 119. d6+ Kf6 120. Ne5 Nd1+ 121. Kd4
Nf2 122. Bd5 Nh3 123. Nc6 Nf4 124. d7 Kf5 125. d8=Q Ne2+ 126. Ke3 Nc1 127. Qf8+
Kg6 128. Ne5+ Kg5 129. Qf4+ Kh5 130. Bf7# {Hossa checkmated} 1-0

[Event "ICS rated blitz match"]
[Site "204.178.125.65"]
[Date "2000.07.30"]
[Round "?"]
[White "Hossa"]
[Black "Tinker"]
[Result "1/2-1/2"]
[WhiteElo "2486"]
[BlackElo "2597"]
[PlyCount "143"]
[EventDate "2000.??.??"]

1. e4 d5 2. exd5 Qxd5 3. Nc3 Qe6+ 4. Nge2 Nf6 5. d4 Bd7 6. d5 Qf5 7. Be3 Ng4 8.
Bf4 Na6 9. h3 Nf6 10. g4 Qg6 11. Ng3 Nb4 12. Rc1 c6 13. dxc6 Bxc6 14. a3 Rd8
15. Bd2 Bxh1 16. axb4 Bc6 17. Ra1 Nd5 18. Nxd5 Bxd5 19. Bb5+ Bc6 20. Bxc6+ Qxc6
21. Rxa7 e5 22. Qe2 f6 23. Qe4 Qd7 24. Nf1 Rb8 25. Ne3 Qc6 26. Nd5 Bd6 27. c4
Kf7 28. g5 Qd7 29. gxf6 gxf6 30. Qf3 Be7 31. Qh5+ Ke6 32. Qg4+ f5 33. Qg7 Rhg8
34. Qxh7 Bg5 35. Qxd7+ Kxd7 36. Bxg5 Rxg5 37. Kf1 Ke6 38. Nc7+ Kd6 39. Nb5+ Kc6
40. Ra1 Rbg8 41. Ke2 Rg1 42. Rf1 Rxf1 43. Kxf1 Rd8 44. Na7+ Kb6 45. Nb5 Rd3 46.
Kg2 Rb3 47. Nc3 Kc6 48. Nd5 Rxb2 49. Ne7+ Kd7 50. Nxf5 Rxb4 51. Ne3 Kc6 52. h4
Kc5 53. Kf3 b5 54. cxb5 Rxh4 55. Ng4 Kxb5 56. Nxe5 Rd4 57. Ke3 Kc5 58. f4 Ra4
59. Nd7+ Kd6 60. Nf6 Ke6 61. Ne4 Ra8 62. Kd4 Rd8+ 63. Ke3 Kd5 64. Nf6+ Kc6 65.
f5 Rh8 66. Kf4 Ra8 67. Ne4 Kd5 68. f6 Ra7 69. Kf5 Rf7 70. Ng5 Rf8 71. Ne6 Rxf6+
72. Kxf6 1/2-1/2

[Event "ICS rated blitz match"]
[Site "204.178.125.65"]
[Date "2000.07.30"]
[Round "?"]
[White "Tinker"]
[Black "Hossa"]
[Result "1/2-1/2"]
[WhiteElo "2592"]
[BlackElo "2491"]
[PlyCount "177"]
[EventDate "2000.??.??"]

1. e4 c5 2. Nf3 d6 3. Bc4 Nf6 4. d3 Nc6 5. O-O e6 6. Bg5 a6 7. Nc3 b5 8. Bb3 h6
9. Bxf6 Qxf6 10. Qe2 Bb7 11. a4 b4 12. Nd1 g6 13. a5 Qd8 14. Ba4 Bg7 15. c3
bxc3 16. Bxc6+ Bxc6 17. Nxc3 Rb8 18. Rfd1 Bb7 19. d4 cxd4 20. Nxd4 O-O 21. Rd3
Qg5 22. Qd1 Ba8 23. Nf3 Qf4 24. Ra4 Bxc3 25. bxc3 Bc6 26. Rad4 Bxe4 27. Nd2 d5
28. Nxe4 dxe4 29. Re3 Rb2 30. Qf1 Qg5 31. Ra4 Qc5 32. Raxe4 Qxa5 33. Rh3 Ra2
34. Rxh6 Qxc3 35. Rh3 Qd2 36. Reh4 Qb2 37. Re4 Ra1 38. Re1 Rxe1 39. Qxe1 Rc8
40. Rd3 Kg7 41. Rd1 Rc2 42. Rb1 Re2 43. Qf1 Qc2 44. Rc1 Qd2 45. Rd1 Qa2 46. Ra1
Qd2 47. Rd1 Qa2 48. Ra1 Qc4 49. Qd1 e5 50. Qd6 Qd4 51. Qxd4 exd4 52. Kf1 Re6
53. Ra4 Rd6 54. Ke2 f5 55. Kd3 Rb6 56. Kxd4 Kf7 57. Ra5 Rd6+ 58. Kc5 Ke7 59.
Ra4 Kd7 60. f4 Rc6+ 61. Kd4 Ke7 62. Ra5 Ke8 63. h3 Rd6+ 64. Ke5 Ke7 65. g4 Rf6
66. Rc5 Re6+ 67. Kd5 fxg4 68. hxg4 Rf6 69. Rc7+ Kd8 70. Rc4 Ke7 71. Kc5 Rd6 72.
Re4+ Kd7 73. f5 Rc6+ 74. Kd5 gxf5 75. gxf5 Rc3 76. f6 Rd3+ 77. Kc5 Rc3+ 78. Kd4
Rb3 79. Re7+ Kd6 80. Ke4 Rb2 81. Kf4 Rf2+ 82. Kg5 a5 83. Re3 a4 84. Rd3+ Ke5
85. Re3+ Kd4 86. Ra3 Ke5 87. Re3+ Kd4 88. Ra3 Ke5 89. Re3+ 1/2-1/2

[Event "ICS rated blitz match"]
[Site "204.178.125.65"]
[Date "2000.07.30"]
[Round "?"]
[White "Hossa"]
[Black "Tinker"]
[Result "0-1"]
[WhiteElo "2496"]
[BlackElo "2587"]
[PlyCount "46"]
[EventDate "2000.??.??"]

1. e4 d5 2. exd5 Qxd5 3. Nc3 Qe6+ 4. Nge2 Bd7 5. d4 Nf6 6. d5 Qd6 7. Bf4 e5 8.
dxe6 Qxe6 9. Bxc7 Na6 10. Bf4 Bc5 11. Qd2 O-O 12. Qc1 Nb4 13. a3 Nbd5 14. Nxd5
Nxd5 15. Bg3 Bd4 16. c3 Bf6 17. h3 Rac8 18. Kd2 Ba4 19. Qb1 Rfd8 20. Nd4 Bg5+
21. Bf4 Bxf4+ 22. Kd3 Nf6 23. Qc2 Qc4# {Hossa checkmated} 0-1

[Event "ICS rated blitz match"]
[Site "204.178.125.65"]
[Date "2000.07.30"]
[Round "?"]
[White "Hossa"]
[Black "QueenMaxima"]
[Result "0-1"]
[WhiteElo "2484"]
[BlackElo "2465"]
[PlyCount "118"]
[EventDate "2000.??.??"]

1. e4 c5 2. Nf3 e6 3. Nc3 a6 4. d4 cxd4 5. Nxd4 Bb4 6. Bd2 Nf6 7. e5 Bxc3 8.
bxc3 Nd5 9. Qg4 g6 10. c4 Ne7 11. Qf4 Nbc6 12. Qf6 Rf8 13. Nf3 Qc7 14. Be2 b6
15. Rb1 Nf5 16. Bd3 Bb7 17. Bxf5 gxf5 18. Rg1 Rg8 19. Be3 b5 20. Bc5 Qd8 21.
cxb5 Qxf6 22. exf6 Nd8 23. Kd2 Be4 24. Nd4 Bxg2 25. bxa6 d6 26. Bb6 Rg6 27. a7
Be4 28. Rxg6 hxg6 29. Bxd8 Kxd8 30. f3 Bd5 31. c4 Bxf3 32. Nxf3 Rxa7 33. Rb2
Kc7 34. Ke2 e5 35. Kf2 Kc6 36. Nd2 Kd7 37. Nf1 Ke6 38. Ne3 Ra4 39. Rc2 Kxf6 40.
Ke1 e4 41. Nd5+ Ke5 42. Kd2 f4 43. Kc3 Ra5 44. Rg2 f3 45. Rf2 g5 46. Rb2 Ra3+
47. Kb4 Rd3 48. a4 Rxd5 49. Rf2 Rd4 50. Kc3 Rd3+ 51. Kb4 Kf4 52. Rf1 e3 53. Rb1
e2 54. Kb5 f2 55. h4 f1=Q 56. Rxf1+ exf1=Q 57. hxg5 Rb3+ 58. Ka5 Qh1 59. g6
Qa8# {Hossa checkmated} 0-1

[Event "ICS rated blitz match"]
[Site "204.178.125.65"]
[Date "2000.07.30"]
[Round "?"]
[White "Hossa"]
[Black "Colorado"]
[Result "0-1"]
[WhiteElo "2457"]
[BlackElo "2516"]
[PlyCount "136"]
[EventDate "2000.??.??"]

1. e4 c5 2. Nf3 d6 3. d4 cxd4 4. Nxd4 Nf6 5. Nc3 a6 6. Bc4 e6 7. Bb3 b5 8. a3
Bb7 9. f3 Be7 10. Bxe6 fxe6 11. Nxe6 Qd7 12. Nxg7+ Kf7 13. Nf5 d5 14. Nxe7 Qxe7
15. O-O dxe4 16. fxe4 Kg7 17. Qd4 Rd8 18. Nd5 Bxd5 19. exd5 Nc6 20. Bh6+ Kg6
21. Rxf6+ Qxf6 22. Qxf6+ Kxf6 23. dxc6 Rac8 24. Rf1+ Kg6 25. Be3 Rxc6 26. c3
Re6 27. Bd4 Re2 28. b3 Rd6 29. Rf2 Rde6 30. h4 Re1+ 31. Kh2 Ra1 32. g4 Rxa3 33.
Kg3 h5 34. b4 Ra1 35. gxh5+ Kxh5 36. Rf5+ Kh6 37. Kf3 Rf1+ 38. Bf2 Kg6 39. Rg5+
Kf7 40. Kg2 Rd1 41. Rf5+ Rf6 42. Rxf6+ Kxf6 43. Kf3 Ke5 44. Kg4 Ke4 45. Kg5
Rd5+ 46. Kg6 Rd6+ 47. Kg5 Rd5+ 48. Kg6 Rd6+ 49. Kg5 Kd3 50. h5 Rd8 51. h6 Rg8+
52. Kh5 Kxc3 53. Bh4 Kxb4 54. Bf6 Ka3 55. h7 Rc8 56. Kg6 b4 57. Be7 a5 58. Kg7
Ka2 59. Bd6 b3 60. Be5 b2 61. Kf7 b1=Q 62. Kg7 Qf5 63. Bd6 Qd7+ 64. Kg6 Qxd6+
65. Kg5 Qe5+ 66. Kg4 Rc3 67. Kh4 Rg3 68. h8=R Qg5# 0-1

[Event "ICS rated blitz match"]
[Site "204.178.125.65"]
[Date "2000.07.30"]
[Round "?"]
[White "Tinker"]
[Black "Hossa"]
[Result "1-0"]
[WhiteElo "2609"]
[BlackElo "2444"]
[PlyCount "89"]
[EventDate "2000.??.??"]

1. e4 c5 2. Nf3 d6 3. Bc4 Nf6 4. d3 Nc6 5. O-O e6 6. Bg5 a6 7. Qe2 Be7 8. Nc3
b5 9. Bb3 Nd4 10. Nxd4 cxd4 11. Nb1 h6 12. Bd2 a5 13. a4 b4 14. c3 dxc3 15.
bxc3 d5 16. cxb4 axb4 17. e5 Nd7 18. Bc2 Nxe5 19. Bxb4 Nf3+ 20. Qxf3 Bxb4 21.
Qg4 Bf8 22. Nc3 Qf6 23. Nb5 Ra5 24. Qg3 Qd8 25. d4 Rg8 26. Qc3 Ba6 27. Nc7+ Kd7
28. Rfc1 Rc5 29. dxc5 Qxc7 30. Bh7 Rh8 31. c6+ Ke8 32. Bd3 Bc8 33. Re1 Rg8 34.
a5 Bd6 35. a6 Qa7 36. Bh7 Rf8 37. Qxg7 Bc5 38. Ra2 Bd4 39. Qxd4 Qxd4 40. a7 Qc3
41. Rea1 Qxc6 42. a8=Q Qxa8 43. Rxa8 Kd7 44. Bd3 Kc6 45. Rc1+ 1-0

[Event "ICS rated blitz match"]
[Site "204.178.125.65"]
[Date "2000.07.30"]
[Round "?"]
[White "Hossa"]
[Black "QueenMaxima"]
[Result "1/2-1/2"]
[WhiteElo "2435"]
[BlackElo "2482"]
[PlyCount "109"]
[EventDate "2000.??.??"]

1. e4 c5 2. Nf3 e6 3. Nc3 a6 4. d4 cxd4 5. Nxd4 Bb4 6. Bd2 Nf6 7. e5 Bxc3 8.
bxc3 Nd5 9. Qg4 Kf8 10. c4 Ne7 11. Bb4 Nbc6 12. Nxc6 bxc6 13. c3 a5 14. Bd6 h5
15. Qg5 h4 16. Bd3 h3 17. gxh3 Rxh3 18. Rd1 Ba6 19. Qg4 Rh8 20. O-O g6 21. Qf4
Ke8 22. Bc5 Rb8 23. Qf6 Rh3 24. Qg7 Rb2 25. a4 Rh4 26. Rb1 Rd2 27. Qf6 Nc8 28.
Qxg6 Rh8 29. Qg3 Qh4 30. Rfd1 Rxd1+ 31. Rxd1 Bxc4 32. Bc2 Qh5 33. Rb1 Qe2 34.
Bh7 Qh5 35. Be4 Qe2 36. Qg2 Qh5 37. Bf3 Qf5 38. Rb8 Ba6 39. Bd6 Qd3 40. Kh1 Qc4
41. Qg5 Qf1+ 42. Qg1 Qc4 43. Bd1 Qd5+ 44. f3 Qc4 45. Qe1 Qf4 46. Qf2 Qc1 47.
Qc2 Qe3 48. Qe2 Qxc3 49. Qxa6 Qe1+ 50. Kg2 Rg8+ 51. Kh3 Rh8+ 52. Kg2 Rg8+ 53.
Kh3 Rh8+ 54. Kg2 Rg8+ 55. Kh3 1/2-1/2

[Event "ICS rated blitz match"]
[Site "204.178.125.65"]
[Date "2000.07.30"]
[Round "?"]
[White "Hossa"]
[Black "Tinker"]
[Result "1/2-1/2"]
[WhiteElo "2437"]
[BlackElo "2618"]
[PlyCount "58"]
[EventDate "2000.??.??"]

1. e4 d5 2. exd5 Qxd5 3. Nc3 Qe6+ 4. Nge2 Nf6 5. d4 Qb6 6. Ng3 Bd7 7. Rb1 Na6
8. d5 O-O-O 9. Be3 Qb4 10. a3 Qd6 11. Qd4 Qb6 12. Qc4 Qd6 13. Nge4 Nxe4 14.
Nxe4 Qg6 15. Ng3 h5 16. Bxa7 h4 17. Ne2 Bf5 18. Nf4 Qd6 19. Rd1 e5 20. Ne2 Qg6
21. c3 Bc2 22. Rd2 Qe4 23. b3 Qxc4 24. bxc4 Bf5 25. Be3 Nc5 26. Ng1 Na4 27. Ne2
Nc5 28. Ng1 Na4 29. Ne2 Nc5 1/2-1/2